[Event "10th European Individual Championship"]
[Site "Budva MNE"]
[Date "2009.03.06"]
[EventDate "2009.03.06"]
[Round "1"]
[Result "1/2-1/2"]
[White "Aleksandar Savanovic"]
[Black "Maxim Rodshtein"]
[WhiteElo "2428"]
[BlackElo "2650"]
[PlyCount "93"]

1. Nf3 d5 2. c4 d4 3. b4 f6 4. e3 e5 5. c5 d3 6. Qb3 e4 7. Nd4
Nc6 8. Nxc6 bxc6 9. f3 f5 10. fxe4 fxe4 11. Nc3 Nf6 12. g3 Qe7
13. Bg2 Be6 14. Qa4 Bd7 15. Bb2 h5 16. O-O-O h4 17. Rhf1 hxg3
18. hxg3 Rh2 19. Rxf6 gxf6 20. Bxe4 a5 21. Bxc6 Qe6 22. Bxd7+
Qxd7 23. b5 Kf7 24. Rf1 Be7 25. Qc4+ Qe6 26. Nd5 Rd8 27. e4
Rh6 28. c6 Rg6 29. Qxd3 Rg4 30. Rf4 Rxf4 31. gxf4 Rh8 32. Nxc7
Rh1+ 33. Kc2 Qg4 34. Qd5+ Kf8 35. Ne6+ Kg8 36. Ng5+ Kh8
37. Qd7 Qd1+ 38. Kd3 Qb1+ 39. Kc3 Bb4+ 40. Kb3 Qd1+ 41. Kc4
Qc2+ 42. Kd5 Qxb2 43. Qe8+ Kg7 44. Qf7+ Kh8 45. Qe8+ Kg7
46. Qf7+ Kh8 47. Qe8+ 1/2-1/2

[Event "10th European Individual Championship"]
[Site "Budva MNE"]
[Date "2009.03.07"]
[EventDate "2009.03.06"]
[Round "2"]
[Result "1/2-1/2"]
[White "Maxim Rodshtein"]
[Black "Lorin A R D'Costa"]
[WhiteElo "2650"]
[BlackElo "2445"]
[PlyCount "92"]

1. d4 Nf6 2. c4 e6 3. Nf3 b6 4. g3 Ba6 5. Qc2 c6 6. e4 d5
7. cxd5 Bxf1 8. Kxf1 cxd5 9. e5 Ne4 10. Ne1 f6 11. f3 Ng5
12. Bxg5 fxg5 13. h4 gxh4 14. Rxh4 g6 15. Nd3 Qd7 16. Nc3 Nc6
17. Ne2 O-O-O 18. Kg2 Kb7 19. Rah1 h6 20. Qb1 Ne7 21. g4 Rc8
22. Rc1 Rxc1 23. Qxc1 g5 24. Rh1 Ng6 25. Qc2 Nh4+ 26. Rxh4
gxh4 27. Ndf4 Rg8 28. Kh3 Qf7 29. Qd3 Be7 30. Nh5 Rg5 31. Nef4
Bd8 32. b4 Rg8 33. Ng2 Be7 34. b5 Rc8 35. Nxh4 Rc1 36. Qg6 Qf8
37. Nf6 Bb4 38. Qh7+ Ka8 39. Qd7 Qc8 40. Qxc8+ Rxc8 41. f4
Rc3+ 42. Kg2 Rc2+ 43. Kf3 Rc3+ 44. Ke2 Rc2+ 45. Kd3 Rc3+
46. Ke2 Rc2+ 1/2-1/2

[Event "10th European Individual Championship"]
[Site "Budva MNE"]
[Date "2009.03.08"]
[EventDate "2009.03.06"]
[Round "3"]
[Result "0-1"]
[White "Maxim L Devereaux"]
[Black "Maxim Rodshtein"]
[WhiteElo "2437"]
[BlackElo "2650"]
[PlyCount "90"]

1. Nf3 d5 2. d4 Nf6 3. c4 c6 4. e3 a6 5. Qc2 Bg4 6. Ne5 Bh5
7. Qb3 Qc7 8. Nc3 e6 9. Bd2 Bd6 10. cxd5 exd5 11. Rc1 Nbd7
12. f4 O-O 13. Bd3 Bg6 14. Be2 Bxe5 15. dxe5 Ne4 16. Nxd5 Qd8
17. Bb4 cxd5 18. O-O Re8 19. f5 Rxe5 20. fxg6 hxg6 21. Bf3
Ndf6 22. Bc3 Nxc3 23. Rxc3 Qe7 24. Rd1 Rd8 25. Rd4 b5 26. h3
Qe6 27. a4 bxa4 28. Rxa4 Rg5 29. Kf2 Qe5 30. Rd4 Qg3+ 31. Ke2
Re8 32. Qa4 Rge5 33. Qxa6 Ne4 34. Bxe4 dxe4 35. Kd2 Qxg2+
36. Qe2 Qxh3 37. Kc2 g5 38. Rd1 g4 39. Rg1 Rg5 40. Kb1 g3
41. Qe1 g2 42. Rc2 Rd8 43. Qe2 Qf3 44. Rxg2 Rxg2 45. Qxg2 Qxe3
0-1

[Event "10th European Individual Championship"]
[Site "Budva MNE"]
[Date "2009.03.09"]
[EventDate "2009.03.06"]
[Round "4"]
[Result "1-0"]
[White "Maxim Rodshtein"]
[Black "David Berczes"]
[WhiteElo "2650"]
[BlackElo "2513"]
[PlyCount "67"]

1. d4 d5 2. Nf3 Nf6 3. c4 e6 4. g3 Bb4+ 5. Bd2 Be7 6. Bg2 O-O
7. O-O b6 8. cxd5 exd5 9. Nc3 Bb7 10. Bf4 Na6 11. Ne5 Qc8
12. a3 c6 13. Rc1 Qe6 14. b4 Rac8 15. Qa4 Nh5 16. Bd2 c5
17. Nb5 f6 18. Nf3 c4 19. Nc3 Nc7 20. Qxa7 Bc6 21. Qxb6 Qd6
22. b5 Bxb5 23. Qxd6 Bxd6 24. Nh4 Bxa3 25. Rb1 Bc6 26. Rb6 Bd7
27. Ra1 Be7 28. Nxd5 Nxd5 29. Bxd5+ Kh8 30. Rb7 Rfd8 31. Ba5
Ra8 32. Bxd8 Rxa1+ 33. Kg2 Bxd8 34. Rb8 1-0

[Event "10th European Individual Championship"]
[Site "Budva MNE"]
[Date "2009.03.10"]
[EventDate "2009.03.06"]
[Round "5"]
[Result "0-1"]
[White "Josep Manuel Lopez Martinez"]
[Black "Maxim Rodshtein"]
[WhiteElo "2540"]
[BlackElo "2650"]
[PlyCount "92"]

1. e4 c5 2. Nf3 d6 3. d4 cxd4 4. Nxd4 Nf6 5. Nc3 a6 6. Be3 e6
7. g4 h6 8. h3 Nbd7 9. Bg2 g5 10. Qe2 Ne5 11. f4 gxf4 12. Bxf4
Bd7 13. Nf3 Qa5 14. O-O-O Rc8 15. Nxe5 dxe5 16. Bd2 Be7
17. Kb1 Qb6 18. Rhf1 Rh7 19. h4 Ng8 20. g5 hxg5 21. hxg5 Ba3
22. b3 Ne7 23. Rf6 Qc5 24. Qd3 Qd4 25. Qf3 Ng6 26. Be1 Qc5
27. Qd3 Qc7 28. Rf2 Bc6 29. Qg3 Rd8 30. Bd2 b5 31. Rdf1 Bc5
32. Be3 Qb6 33. Bxc5 Qxc5 34. Nd1 Rh4 35. Ne3 Rf4 36. Ng4 Ke7
37. c3 Rxf2 38. Rxf2 Qa3 39. Ne3 a5 40. Qf3 Nf4 41. Bf1 Qc5
42. Kb2 b4 43. Rc2 a4 44. cxb4 Qd4+ 45. Rc3 Bxe4 46. Qg3 Qd2+
0-1

[Event "10th European Individual Championship"]
[Site "Budva MNE"]
[Date "2009.03.11"]
[EventDate "2009.03.06"]
[Round "6"]
[Result "1/2-1/2"]
[White "Maxim Rodshtein"]
[Black "Tiger Hillarp Persson"]
[WhiteElo "2650"]
[BlackElo "2586"]
[PlyCount "63"]

1. d4 d5 2. Nf3 Nf6 3. c4 c6 4. Nc3 e6 5. Bg5 dxc4 6. e4 b5
7. e5 h6 8. Bh4 g5 9. Nxg5 hxg5 10. Bxg5 Nbd7 11. exf6 Bb7
12. g3 c5 13. d5 Nxf6 14. Bg2 Be7 15. O-O Nxd5 16. Bxe7 Kxe7
17. Qe1 Nxc3 18. Bxb7 Rb8 19. Qxc3 Rxb7 20. Rfd1 Qb8 21. a4 a6
22. axb5 axb5 23. b3 Rd8 24. bxc4 Rxd1+ 25. Rxd1 bxc4 26. Qxc4
Qe5 27. Qd3 Kf8 28. f4 Qh5 29. Rd2 Rb4 30. Qc3 Ke7 31. Kg2 Re4
32. Qb2 1/2-1/2

[Event "10th European Individual Championship"]
[Site "Budva MNE"]
[Date "2009.03.12"]
[EventDate "2009.03.06"]
[Round "7"]
[Result "1-0"]
[White "Sanan Sjugirov"]
[Black "Maxim Rodshtein"]
[WhiteElo "2562"]
[BlackElo "2650"]
[PlyCount "115"]

1. e4 e5 2. Nf3 Nc6 3. Bb5 a6 4. Ba4 Nf6 5. O-O Be7 6. Re1 b5
7. Bb3 d6 8. c3 O-O 9. h3 Nb8 10. d4 Nbd7 11. Nbd2 Bb7 12. Bc2
Re8 13. Nf1 Bf8 14. Ng3 g6 15. b3 Bg7 16. d5 Rc8 17. Rb1 c6
18. c4 Qc7 19. Bd3 Nc5 20. Bf1 bxc4 21. bxc4 a5 22. Ba3 Nfd7
23. Qd2 Ba6 24. Nh2 h5 25. Nf3 Qd8 26. h4 a4 27. Bc1 Nf6
28. Ng5 Nh7 29. Nf3 Nf6 30. Ba3 Nfd7 31. Qe3 Bf6 32. Ng5 Bg7
33. Bc1 Nf6 34. Ba3 Nfd7 35. Red1 Qe7 36. Bc1 Bh6 37. Qf3 f6
38. Nh3 Bxc1 39. Rdxc1 Rf8 40. Qe3 Kh7 41. Be2 Kg7 42. dxc6
Rxc6 43. f4 Rh8 44. f5 Qf7 45. Rf1 Kf8 46. Rbd1 Ke8 47. fxg6
Qxg6 48. Nf5 Rg8 49. Rf2 Kd8 50. Kh2 Rb6 51. Nxd6 Rb2 52. Nf5
Ke8 53. Bxh5 Qxh5 54. Rxd7 Rxg2+ 55. Kxg2 Qg6+ 56. Kh2 Rxf2+
57. Nxf2 Nxd7 58. Qa7 1-0

[Event "10th European Individual Championship"]
[Site "Budva MNE"]
[Date "2009.03.14"]
[EventDate "2009.03.06"]
[Round "8"]
[Result "1-0"]
[White "Maxim Rodshtein"]
[Black "Dejan Pikula"]
[WhiteElo "2650"]
[BlackElo "2570"]
[PlyCount "85"]

1. d4 d5 2. Nf3 Nf6 3. c4 c6 4. Nc3 dxc4 5. a4 Bf5 6. e3 e6
7. Bxc4 Bb4 8. O-O Nbd7 9. Nh4 Bg4 10. f3 Bh5 11. g4 Nd5
12. Ng2 Bg6 13. f4 Bxc3 14. bxc3 Be4 15. Bd3 Nxc3 16. Qc2 Bxd3
17. Qxd3 Nd5 18. Ba3 a5 19. f5 Nb4 20. fxe6 fxe6 21. Qb3 Qe7
22. Nf4 O-O 23. Nxe6 Rxf1+ 24. Rxf1 Kh8 25. e4 Re8 26. e5 Nb6
27. Bc1 Qd7 28. Ng5 Qxd4+ 29. Be3 Qxg4+ 30. Kh1 Qc4 31. Qb1
Nd3 32. Bxb6 h6 33. Nf7+ Kg8 34. Qd1 Nxe5 35. Nd6 Qb4 36. Nxe8
Qe4+ 37. Kg1 Qg6+ 38. Kh1 Qe4+ 39. Kg1 Qg6+ 40. Kf2 Ng4+
41. Qxg4 Qxg4 42. Nf6+ gxf6 43. Rg1 1-0

[Event "10th European Individual Championship"]
[Site "Budva MNE"]
[Date "2009.03.15"]
[EventDate "2009.03.06"]
[Round "9"]
[Result "1/2-1/2"]
[White "Hristos Banikas"]
[Black "Maxim Rodshtein"]
[WhiteElo "2582"]
[BlackElo "2650"]
[PlyCount "33"]

1. d4 Nf6 2. c4 g6 3. Nc3 d5 4. Bg5 Ne4 5. Bh4 Nxc3 6. bxc3
dxc4 7. e3 Be6 8. Be2 Bg7 9. Nf3 O-O 10. O-O c5 11. Ng5 Bd5
12. e4 h6 13. exd5 hxg5 14. Bxg5 cxd4 15. Bxc4 dxc3 16. Re1
Bf6 17. Bxf6 1/2-1/2

[Event "10th European Individual Championship"]
[Site "Budva MNE"]
[Date "2009.03.16"]
[EventDate "2009.03.06"]
[Round "10"]
[Result "0-1"]
[White "Maxim Rodshtein"]
[Black "Mateusz Bartel"]
[WhiteElo "2650"]
[BlackElo "2594"]
[PlyCount "100"]

1. Nf3 Nf6 2. c4 e6 3. d4 b6 4. g3 Ba6 5. Qc2 Bb4+ 6. Bd2 Be7
7. e4 d5 8. cxd5 Bxf1 9. Kxf1 exd5 10. e5 Ne4 11. Nc3 Nxc3
12. bxc3 Qd7 13. h4 Nc6 14. Ng5 Nd8 15. Nxh7 Ne6 16. Kg2 c5
17. Ng5 Bxg5 18. hxg5 O-O-O 19. Be3 g6 20. Rh6 cxd4 21. cxd4+
Kb7 22. Rah1 Rc8 23. Qd1 Rhe8 24. Rh7 Nf8 25. Rh8 Ne6 26. Rxe8
Rxe8 27. Qf3 Rc8 28. Rh7 Rc7 29. g4 a5 30. a3 b5 31. Kg3 Ka6
32. Rh8 Kb7 33. Rh7 Ka6 34. Kh2 Kb7 35. Qe2 b4 36. axb4 axb4
37. Kg3 b3 38. Rh1 Rc3 39. Ra1 Qc6 40. Qb2 Nc7 41. Qa3 Qb6
42. Rb1 Qb5 43. Ra1 Rc6 44. Qa7+ Kc8 45. Qa3 b2 46. Rb1 Rb6
47. Qc3 Qc4 48. Qa3 Qc2 49. Qa2 Rb3 50. Kh2 Kb7 0-1

[Event "48th World Junior Championship"]
[Site "Puerto Madryn ARG"]
[Date "2009.10.22"]
[EventDate "2009.10.22"]
[Round "1"]
[Result "1-0"]
[White "Maxim Rodshtein"]
[Black "Andrea Stella"]
[WhiteElo "2623"]
[BlackElo "2330"]
[PlyCount "52"]

1. d4 Nf6 2. c4 e6 3. Nf3 b6 4. g3 Bb7 5. Bg2 Be7 6. O-O O-O
7. Re1 Ne4 8. Nfd2 d5 9. cxd5 exd5 10. Nxe4 dxe4 11. Nc3 f5
12. e3 Nd7 13. b4 Kh8 14. Qb3 Qc8 15. Ba3 a5 16. Rec1 axb4
17. Bxb4 Bxb4 18. Qxb4 c5 19. Qb2 cxd4 20. Ne2 Qd8 21. Nxd4
Nc5 22. Rd1 Qf6 23. Rab1 Na4 24. Qb4 Rfc8 25. Rdc1 Rxc1+
26. Rxc1 Nc5 1-0

[Event "48th World Junior Championship"]
[Site "Puerto Madryn ARG"]
[Date "2009.10.23"]
[EventDate "2009.10.22"]
[Round "2"]
[Result "0-1"]
[White "Bayarsaikhan Gundavaa"]
[Black "Maxim Rodshtein"]
[WhiteElo "2477"]
[BlackElo "2623"]
[PlyCount "93"]

1. e4 c6 2. d4 d5 3. Nd2 dxe4 4. Nxe4 Bf5 5. Ng3 Bg6 6. h4 h6
7. Nf3 Nd7 8. h5 Bh7 9. Bd3 Bxd3 10. Qxd3 e6 11. Bf4 Qa5+
12. Bd2 Bb4 13. c3 Be7 14. c4 Qc7 15. O-O Ngf6 16. Rfe1 O-O
17. Nf5 Bd6 18. Nxd6 Qxd6 19. Qb3 c5 20. Rad1 Rfc8 21. Bc3
cxd4 22. Rxd4 Qc7 23. Qd1 a6 24. Qe2 b5 25. cxb5 axb5 26. Qxb5
Rxa2 27. Red1 Ra7 28. Ra4 Rxa4 29. Qxa4 Nb6 30. Qa5 Nfd5
31. Bd4 Qc2 32. Qe1 Nd7 33. Ra1 Qf5 34. Ne5 Nf4 35. g3 Nh3+
36. Kg2 Ng5 37. g4 Qf4 38. Qe3 Qxe3 39. fxe3 Rc2+ 40. Kf1 Nxe5
41. Ra8+ Kh7 42. Bxe5 f6 43. Bc3 Nf3 44. Ra4 e5 45. Rb4 g5
46. Ra4 Kg8 47. Ra8+ 0-1

[Event "48th World Junior Championship"]
[Site "Puerto Madryn ARG"]
[Date "2009.10.23"]
[EventDate "2009.10.22"]
[Round "3"]
[Result "1-0"]
[White "Maxim Rodshtein"]
[Black "Andre Diamant"]
[WhiteElo "2623"]
[BlackElo "2526"]
[PlyCount "39"]

1. d4 d5 2. Nf3 Nf6 3. c4 dxc4 4. e3 e6 5. Bxc4 c5 6. O-O a6
7. Bb3 Nc6 8. Nc3 cxd4 9. exd4 Be7 10. Bg5 O-O 11. Qd2 Na5
12. Bc2 b5 13. Qf4 Bb7 14. Qh4 g6 15. d5 b4 16. Rad1 exd5
17. Rfe1 bxc3 18. Rxe7 Qxe7 19. Bxf6 Qd6 20. Ng5 1-0

[Event "48th World Junior Championship"]
[Site "Puerto Madryn ARG"]
[Date "2009.10.24"]
[EventDate "2009.10.22"]
[Round "4"]
[Result "1/2-1/2"]
[White "Michal Olszewski"]
[Black "Maxim Rodshtein"]
[WhiteElo "2544"]
[BlackElo "2623"]
[PlyCount "64"]

1. e4 c6 2. d4 d5 3. e5 Bf5 4. Nd2 e6 5. Nb3 Nd7 6. Nf3 Ne7
7. Be2 h6 8. O-O g5 9. Ne1 c5 10. dxc5 Nc6 11. Bd3 Bxd3
12. Nxd3 Ndxe5 13. Nxe5 Nxe5 14. f4 Nc4 15. Qh5 Qf6 16. fxg5
hxg5 17. Qxg5 Qxg5 18. Bxg5 Rg8 19. Bf6 Ne3 20. Rf2 Ng4
21. Rf3 Nxf6 22. Rxf6 Rc8 23. Raf1 Rg7 24. c3 Be7 25. R6f4
Bxc5+ 26. Nxc5 Rxc5 27. Rf6 Ke7 28. g3 Rc7 29. Kg2 b5 30. R1f4
a6 31. Rf3 Rc4 32. Rh6 Re4 1/2-1/2

[Event "48th World Junior Championship"]
[Site "Puerto Madryn ARG"]
[Date "2009.10.25"]
[EventDate "2009.10.22"]
[Round "5"]
[Result "1/2-1/2"]
[White "Maxim Rodshtein"]
[Black "Dmitry Andreikin"]
[WhiteElo "2623"]
[BlackElo "2659"]
[PlyCount "90"]

1. d4 Nf6 2. c4 d6 3. Nf3 Nbd7 4. Nc3 e5 5. e4 Be7 6. Be2 O-O
7. O-O c6 8. Qc2 a6 9. Rd1 Qc7 10. Bg5 h6 11. Bh4 Re8 12. Rac1
g5 13. Bg3 Nh5 14. d5 c5 15. h3 Nf4 16. Nh2 Nxe2+ 17. Qxe2 Nf6
18. Ng4 Bxg4 19. hxg4 Qd7 20. f3 h5 21. gxh5 Nxh5 22. Kf2 Kg7
23. Rh1 Rh8 24. Rh3 Nf4 25. Bxf4 exf4 26. Rch1 Bf6 27. Qd3 Be5
28. Ke2 Rxh3 29. Rxh3 b5 30. b3 Rb8 31. Nb1 bxc4 32. Qxc4 Qa7
33. Nd2 a5 34. a3 Ra8 35. Kd3 a4 36. bxa4 Qd7 37. Qb3 c4+
38. Nxc4 Qa7 39. Rh1 Rb8 40. Qc2 Qd4+ 41. Ke2 Rc8 42. Rc1 Rxc4
43. Qxc4 Qe3+ 44. Kd1 Qg1+ 45. Kd2 Qe3+ 1/2-1/2

[Event "48th World Junior Championship"]
[Site "Puerto Madryn ARG"]
[Date "2009.10.26"]
[EventDate "2009.10.22"]
[Round "6"]
[Result "1/2-1/2"]
[White "Yu Yangyi"]
[Black "Maxim Rodshtein"]
[WhiteElo "2509"]
[BlackElo "2623"]
[PlyCount "93"]

1. e4 c6 2. d4 d5 3. f3 e6 4. Nc3 Bb4 5. Bf4 Ne7 6. Nge2 Ng6
7. Bg3 dxe4 8. fxe4 e5 9. dxe5 O-O 10. Qd4 Qa5 11. a3 Bc5
12. b4 Bxd4 13. bxa5 Bxe5 14. O-O-O Bg4 15. Bxe5 Nxe5 16. h3
Bxe2 17. Bxe2 Nbd7 18. Rd4 Nc5 19. Kd2 Ne6 20. Rb4 Rfd8+
21. Ke3 Nc5 22. Rd1 Kf8 23. Rxd8+ Rxd8 24. Nb1 Ke7 25. Nd2 Rd7
26. Nb3 Ne6 27. Bc4 Nxc4+ 28. Rxc4 c5 29. Rc3 b6 30. a4 Kd8
31. axb6 axb6 32. a5 Kc7 33. axb6+ Kxb6 34. Nd2 Rd4 35. Rb3+
Kc6 36. Nf3 Rd1 37. Ne5+ Kc7 38. Nxf7 Re1+ 39. Kd3 Nf4+
40. Kc4 Rxe4+ 41. Kxc5 Nxg2 42. Rg3 Re2 43. Rxg7 Rxc2+ 44. Kd4
h5 45. Rh7 Rd2+ 46. Ke4 Rd7 47. Ng5 1/2-1/2

[Event "48th World Junior Championship"]
[Site "Puerto Madryn ARG"]
[Date "2009.10.27"]
[EventDate "2009.10.22"]
[Round "7"]
[Result "0-1"]
[White "Maxim Rodshtein"]
[Black "Sergei Zhigalko"]
[WhiteElo "2623"]
[BlackElo "2646"]
[PlyCount "82"]

1. d4 Nf6 2. c4 e6 3. Nf3 b6 4. g3 Ba6 5. Qc2 Bb4+ 6. Bd2 Be7
7. e4 d5 8. cxd5 Bxf1 9. Kxf1 exd5 10. e5 Ne4 11. Nc3 Nxd2+
12. Nxd2 Qd7 13. f4 Nc6 14. Nf3 O-O-O 15. Kg2 Kb7 16. Rac1 f5
17. Nb5 a6 18. e6 Qxe6 19. Ne5 axb5 20. Nxc6 Rd6 21. Ne5 Rc8
22. Rhe1 Bf6 23. Qd3 b4 24. Qb5 Bxe5 25. Rxe5 Qd7 26. Qxb4 Ra8
27. Qb3 Ra4 28. Rd1 g6 29. a3 Rc4 30. Rd2 Qc6 31. Qe3 Rc2
32. Kh3 Rxd2 33. Qxd2 Qc4 34. Kh4 h6 35. Re1 Rc6 36. Qe3 Qc2
37. Re2 Qd1 38. Qd2 Qf1 39. Rf2 g5+ 40. fxg5 hxg5+ 41. Kxg5
Qh3 0-1

[Event "48th World Junior Championship"]
[Site "Puerto Madryn ARG"]
[Date "2009.10.29"]
[EventDate "2009.10.22"]
[Round "8"]
[Result "0-1"]
[White "Baskaran Adhiban"]
[Black "Maxim Rodshtein"]
[WhiteElo "2490"]
[BlackElo "2623"]
[PlyCount "90"]

1. d4 Nf6 2. Bg5 e6 3. Nd2 h6 4. Bh4 c5 5. e3 Nc6 6. c3 b6
7. Bd3 Bb7 8. Ngf3 Be7 9. O-O O-O 10. a3 d5 11. Qb1 Qc7 12. b4
Rab8 13. Rc1 a6 14. c4 cxd4 15. Bg3 Bd6 16. Bxd6 Qxd6 17. c5
bxc5 18. bxc5 Qc7 19. exd4 Qf4 20. Nb3 Ne4 21. Re1 f5 22. Qc1
Qc7 23. Rb1 Bc8 24. Nfd2 a5 25. a4 Rb4 26. Nf3 Bd7 27. Bb5 Rb8
28. Qc2 Be8 29. Qd3 Bh5 30. Bxc6 Qxc6 31. Nxa5 Qa8 32. Rxb4
Rxb4 33. Nb3 Qxa4 34. Nbd2 Rb2 35. Rc1 Bxf3 36. Nxf3 Nxf2
37. Qe3 Ne4 38. h4 Qa2 39. Ne1 Re2 40. Qf4 Rf2 41. Qe5 Kh7
42. Kh2 Qd2 43. Ra1 Rf4 44. Nf3 Rxf3 45. Ra7 Nf6 0-1

[Event "48th World Junior Championship"]
[Site "Puerto Madryn ARG"]
[Date "2009.10.30"]
[EventDate "2009.10.22"]
[Round "9"]
[Result "1-0"]
[White "Maxim Rodshtein"]
[Black "Falko Bindrich"]
[WhiteElo "2623"]
[BlackElo "2516"]
[PlyCount "77"]

1. d4 d5 2. Nf3 Nf6 3. c4 c6 4. Nc3 dxc4 5. a4 e6 6. e3 c5
7. Bxc4 cxd4 8. exd4 Be7 9. O-O Nc6 10. Re1 O-O 11. Bg5 Nb4
12. Ne5 Bd7 13. Qe2 Be8 14. Rad1 Nfd5 15. Bc1 Rc8 16. Qg4 Kh8
17. Nxd5 exd5 18. Bb3 Nc2 19. Rf1 f6 20. Nf3 Bd7 21. Qh5 Be6
22. Nh4 Bf7 23. Qe2 Nb4 24. Nf5 Re8 25. h4 Bg8 26. Qf3 Qd7
27. h5 Be6 28. Ne3 h6 29. Bd2 Rcd8 30. g4 Bd6 31. Bc3 Rf8
32. Bxb4 Bxb4 33. Bc2 Rc8 34. Bf5 Bxf5 35. Nxf5 Rfe8 36. Rd3
Re4 37. Re3 Rce8 38. Rxe4 Rxe4 39. Rc1 1-0

[Event "48th World Junior Championship"]
[Site "Puerto Madryn ARG"]
[Date "2009.10.31"]
[EventDate "2009.10.22"]
[Round "10"]
[Result "1-0"]
[White "Ivan Popov"]
[Black "Maxim Rodshtein"]
[WhiteElo "2582"]
[BlackElo "2623"]
[PlyCount "101"]

1. e4 c6 2. d4 d5 3. exd5 cxd5 4. c4 Nf6 5. Nc3 e6 6. c5 Be7
7. Nf3 O-O 8. Bd3 b6 9. b4 a5 10. Na4 Nbd7 11. Bf4 Bb7 12. Rc1
bxc5 13. bxc5 Bc6 14. O-O Nh5 15. Be3 Nhf6 16. Nc3 Ne4 17. Bf4
f5 18. Ne5 Nxe5 19. Bxe5 Bg5 20. f4 Bf6 21. Nb5 Bxe5 22. dxe5
Bxb5 23. Bxb5 g5 24. Qd4 gxf4 25. c6 Rf7 26. Rc2 Rg7 27. Rxf4
Kh8 28. Kf1 Qc7 29. a4 Rag8 30. g3 Rg4 31. Rxg4 Rxg4 32. Qe3
Rg6 33. Bd3 Ng5 34. Qc5 Rg8 35. Kg2 f4 36. Qd4 f3+ 37. Kf2 Rf8
38. Ke3 Nf7 39. Kxf3 Ng5+ 40. Kg2 Nf3 41. Qe3 Nxe5 42. h3 Nxd3
43. Qxd3 Rd8 44. Qf3 Qe7 45. c7 Rc8 46. Qf4 Kg8 47. h4 Kg7
48. Qe5+ Kf7 49. Rf2+ Kg8 50. Rf4 h6 51. Rf6 1-0

[Event "48th World Junior Championship"]
[Site "Puerto Madryn ARG"]
[Date "2009.11.01"]
[EventDate "2009.10.22"]
[Round "11"]
[Result "1/2-1/2"]
[White "Giorgi Margvelashvili"]
[Black "Maxim Rodshtein"]
[WhiteElo "2509"]
[BlackElo "2623"]
[PlyCount "55"]

1. c4 Nf6 2. Nf3 e6 3. g3 d5 4. Bg2 Be7 5. O-O O-O 6. b3 b6
7. Bb2 Bb7 8. e3 Nbd7 9. Nc3 c5 10. cxd5 Nxd5 11. Nxd5 Bxd5
12. d4 Qc7 13. Qe2 Qb7 14. Rfd1 Rfc8 15. Ne1 Bxg2 16. Nxg2 Bf6
17. Ne1 h6 18. Rd2 Rc7 19. Qf3 cxd4 20. Qxb7 Rxb7 21. Bxd4 Rc8
22. Rad1 Rbc7 23. Kf1 Kf8 24. e4 g5 25. h3 Ke7 26. Nf3 Bxd4
27. Nxd4 Nf6 28. f3 1/2-1/2

[Event "48th World Junior Championship"]
[Site "Puerto Madryn ARG"]
[Date "2009.11.02"]
[EventDate "2009.10.22"]
[Round "12"]
[Result "1/2-1/2"]
[White "Maxim Rodshtein"]
[Black "Eduardo Patricio Iturrizaga Bonelli"]
[WhiteElo "2623"]
[BlackElo "2605"]
[PlyCount "85"]

1. c4 c5 2. Nf3 g6 3. d4 cxd4 4. Nxd4 Nc6 5. e4 Nf6 6. Nc3
Nxd4 7. Qxd4 d6 8. Be2 Bg7 9. Be3 O-O 10. Qd2 Be6 11. f3 a5
12. O-O a4 13. Nd5 Nd7 14. Rac1 Nc5 15. Rc2 Bd7 16. Rd1 Bc6
17. Qb4 e6 18. Nc3 Na6 19. Qa3 Qa5 20. Nb5 Nb4 21. Rcc1 Bxb5
22. cxb5 Rfc8 23. Bf2 d5 24. Be1 Qb6+ 25. Bf2 Qa5 26. Be1 Qb6+
27. Bf2 Qa5 28. Kf1 Nc2 29. Qd3 Qc7 30. exd5 exd5 31. b6 Qc6
32. b4 d4 33. b5 Qc3 34. Qxc3 Rxc3 35. Bd3 Nb4 36. Be4 Nxa2
37. Ra1 Nb4 38. Bxb7 Rb8 39. Be4 f5 40. Bxd4 Bxd4 41. Rxd4
fxe4 42. Rxb4 exf3 43. Rbxa4 1/2-1/2

[Event "Aeroflot Open"]
[Site "Moscow RUS"]
[Date "2010.02.09"]
[EventDate "2010.02.09"]
[Round "1"]
[Result "1-0"]
[White "Maxim Rodshtein"]
[Black "Rustam Khusnutdinov"]
[WhiteElo "2622"]
[BlackElo "2513"]
[PlyCount "61"]

1. d4 Nf6 2. c4 g6 3. Nc3 d5 4. Bg5 Bg7 5. Bxf6 Bxf6 6. cxd5
c6 7. e4 O-O 8. e5 Bg7 9. Bc4 b5 10. Bb3 b4 11. Nce2 cxd5
12. h4 h6 13. Nf4 e6 14. Nf3 Nd7 15. Bc2 Ba6 16. Bd3 Bxd3
17. Qxd3 Qe7 18. O-O Rfc8 19. Rac1 Qd8 20. Qa6 Kh7 21. g3 Nb6
22. b3 Bf8 23. Nd3 Kg8 24. Qa5 Qe7 25. h5 g5 26. Nh2 Qb7
27. Nc5 Bxc5 28. Rxc5 Qe7 29. Rfc1 Kg7 30. Ng4 Rxc5 31. Rxc5
1-0

[Event "Aeroflot Open"]
[Site "Moscow RUS"]
[Date "2010.02.10"]
[EventDate "2010.02.09"]
[Round "2"]
[Result "1/2-1/2"]
[White "Ivan Cheparinov"]
[Black "Maxim Rodshtein"]
[WhiteElo "2660"]
[BlackElo "2622"]
[PlyCount "57"]

1. e4 c6 2. d4 d5 3. Nc3 dxe4 4. Nxe4 Bf5 5. Ng3 Bg6 6. h4 h6
7. Nf3 Nd7 8. h5 Bh7 9. Bd3 Bxd3 10. Qxd3 e6 11. Bd2 Ngf6
12. O-O-O Be7 13. Kb1 O-O 14. Ne4 Nxe4 15. Qxe4 Nf6 16. Qe2
Qd5 17. Ne5 c5 18. dxc5 Qe4 19. Qxe4 Nxe4 20. Be3 Nxc5 21. Rd4
Rfc8 22. Rhd1 b5 23. f3 Bf6 24. Bf4 Na4 25. Rb4 Bxe5 26. Bxe5
Rc5 27. Re4 Nb6 28. g4 Nd5 29. c3 1/2-1/2

[Event "Aeroflot Open"]
[Site "Moscow RUS"]
[Date "2010.02.12"]
[EventDate "2010.02.09"]
[Round "4"]
[Result "1/2-1/2"]
[White "Andrei Volokitin"]
[Black "Maxim Rodshtein"]
[WhiteElo "2692"]
[BlackElo "2622"]
[PlyCount "85"]

1. e4 c6 2. d4 d5 3. e5 Bf5 4. Nf3 e6 5. Be2 Ne7 6. O-O h6
7. Nbd2 Nd7 8. Nb3 g5 9. h4 Ng6 10. h5 Ne7 11. Nh2 c5 12. c3
Nc6 13. Bg4 Bh7 14. f4 gxf4 15. Rxf4 Qb6 16. Kh1 cxd4 17. cxd4
a5 18. Bd2 a4 19. Nc1 Qxb2 20. Ne2 Be7 21. Bc3 Qc2 22. Qe1 Bg5
23. Rf2 Bh4 24. g3 Bg5 25. Bf3 Be3 26. Rg2 Qf5 27. Rd1 Nb6
28. Ng1 Bxg1 29. Kxg1 Nc4 30. Qe2 O-O-O 31. Ng4 Qg5 32. Re1
Ne7 33. Nf6 Ng8 34. Nxh7 Rxh7 35. Qc2 Qf5 36. Qxf5 exf5
37. Bd1 b5 38. Bc2 Rg7 39. Rb1 Ne3 40. Rxb5 Ne7 41. Rc5+ Kb7
42. Bxa4 Nxg2 43. Rb5+ 1/2-1/2

[Event "Aeroflot Open"]
[Site "Moscow RUS"]
[Date "2010.02.15"]
[EventDate "2010.02.09"]
[Round "7"]
[Result "1/2-1/2"]
[White "Borki Predojevic"]
[Black "Maxim Rodshtein"]
[WhiteElo "2642"]
[BlackElo "2622"]
[PlyCount "56"]

1. e4 c6 2. d4 d5 3. Nd2 dxe4 4. Nxe4 Bf5 5. Ng3 Bg6 6. h4 h6
7. Nf3 Nd7 8. h5 Bh7 9. Bd3 Bxd3 10. Qxd3 e6 11. Bd2 Ngf6
12. O-O-O Be7 13. Qe2 O-O 14. Rhe1 a5 15. Ne5 Bb4 16. c3 Bd6
17. f4 Qc7 18. Ne4 Nxe4 19. Qxe4 f5 20. Qf3 Nf6 21. Ng6 Rfe8
22. Re2 Qf7 23. Rde1 Rad8 24. Kb1 Kh7 25. Rh1 Bc7 26. Be1 Rd7
27. Bf2 a4 28. Kc2 Bd6 1/2-1/2

[Event "Aeroflot Open"]
[Site "Moscow RUS"]
[Date "2010.02.16"]
[EventDate "2010.02.09"]
[Round "8"]
[Result "1-0"]
[White "Gabriel Sargissian"]
[Black "Maxim Rodshtein"]
[WhiteElo "2680"]
[BlackElo "2622"]
[PlyCount "65"]

1. d4 d5 2. c4 c6 3. Nf3 Nf6 4. Nc3 e6 5. Bg5 h6 6. Bh4 dxc4
7. e4 g5 8. Bg3 b5 9. Be2 Bb7 10. O-O Nbd7 11. Ne5 Bb4
12. Nxd7 Nxd7 13. f4 Qe7 14. a3 Ba5 15. e5 Bxc3 16. bxc3 O-O-O
17. a4 a6 18. f5 Nb6 19. fxe6 fxe6 20. Rf6 Nd7 21. Bg4 Nxf6
22. exf6 Qxf6 23. Qe2 Rhf8 24. Bxe6+ Rd7 25. Re1 Kd8 26. Bxd7
Kxd7 27. Qe3 Kd8 28. h3 Kd7 29. Kh2 h5 30. d5 cxd5 31. Qc5 Rc8
32. Qa7 Kc6 33. a5 1-0